Loading...
| History - European | 0 | 5 | 1 | 2 | 45 | 71 | 100.20 | 0 | 4 | 0.00 | 0.00 |
| History - World | 0 | 4 | 0 | 1 | 40 | 68 | 108.75 | 0 | 3 | 0.00 | 0.00 |
| Fine Arts - Other | 0 | 4 | 0 | 1 | 40 | 59 | 92.75 | 2 | 4 | 0.00 | 0.00 |
| Fine Arts - Classical Music | 0 | 4 | 0 | 0 | 40 | 93 | 113.50 | 1 | 3 | 0.00 | 0.00 |
| Philosophy | 0 | 4 | 0 | 2 | 40 | 81 | 103.50 | 2 | 4 | 0.00 | 0.00 |
| Literature - World | 0 | 3 | 0 | 1 | 30 | 121 | 132.00 | 0 | 2 | 0.00 | 0.00 |
| Religion | 0 | 3 | 1 | 0 | 25 | 75 | 97.67 | 2 | 3 | 0.00 | 0.00 |
| Current Events | 0 | 2 | 0 | 1 | 20 | 74 | 90.50 | 1 | 2 | 0.00 | 0.00 |
| Geography | 0 | 2 | 0 | 0 | 20 | 97 | 107.00 | 1 | 2 | 0.00 | 0.00 |
| Literature - American | 0 | 2 | 0 | 0 | 20 | 137 | 140.00 | 0 | 2 | 0.00 | 0.00 |
| Mythology | 0 | 2 | 0 | 0 | 20 | 110 | 128.50 | 0 | 0 | 0.00 | 0.00 |
| History - American | 0 | 2 | 1 | 0 | 15 | 72 | 85.00 | 2 | 2 | 0.00 | 0.00 |
| Literature - British | 0 | 2 | 1 | 0 | 15 | 87 | 110.50 | 1 | 1 | 0.00 | 0.00 |
| Social Science | 0 | 1 | 0 | 1 | 10 | 126 | 126.00 | 0 | 1 | 0.00 | 0.00 |
| Science - Physics | 0 | 1 | 0 | 1 | 10 | 121 | 121.00 | 0 | 1 | 0.00 | 0.00 |
| History - Other | 0 | 1 | 0 | 0 | 10 | 96 | 96.00 | 0 | 0 | 0.00 | 0.00 |
| Literature - European | 0 | 1 | 1 | 0 | 5 | 119 | 119.00 | 0 | 1 | 0.00 | 0.00 |
| Fine Arts - Painting and Sculpture | 0 | 0 | 0 | 0 | 0 | 0.00 | 0 | 0 | 0.00 | 0.00 |